000 02091nam2a2200289 4500
001 RU\NLR\BIBL_A\010884059
005 20250624194200.0
010 _a978-5-7339-1065-9
_9100
021 _aRU
_b2015-79428
_94810
035 _a(NLR Aleph) 010884059
090 _a10517163
_c10517163
100 _a20151106d2014 |||y0rusy50 ca
101 0 _arus
102 _aRU
105 _aa j 000yy
200 1 _aРасчет переходных процессов в линейных электрических цепях с применением компьютерного моделирования в системе Electronics Workbench
_eсеминары и курсовые/контрольные работы
210 _d2014
_aБ. м.
215 _a192 с.
_cил.
320 _aБиблиогр.: с. 188 (9 назв.)
461 0 _1001RU\NLR\BIBL_A\010940681
_12001#$aТеоретические основы электротехники$vЧ. 2
_1700#1$aЛюбарская$bТ.А.
_910751895
_aЛюбарская, Т. А.
_cМосква
_d2014
_fТ.А. Любарская
_nМГТУ МИРЭА
_oучебное пособие : для студентов, обучающихся по направлениям "Биотехнические системы и технологии", "Приборостроение", "Управление в технических системах", "Информатика и вычислительная техника"
_p21
_tТеоретические основы электротехники
_vЧ. 2
606 1 _aЛинейные электрические цепи
_jУчебные издания для высших учебных заведений
_xРасчет на компьютерах
_92096830
_3RU\NLR\AUTH\661268600
606 1 _aELECTRONICS WORKBENCH, пакет прикладных программ
_jУчебные издания для высших учебных заведений
_92182238
_3RU\NLR\AUTH\661312218
686 1 _aЗ211.020.05с116я73-1
942 _cBOOK
980 _aNB